000 00501nam a2200169Ia 4500
008 230917s9999||||xx |||||||||||||| ||und||
020 _cRS545
040 _e259681
_aMAIN
041 _aEnglish
082 _a809.8954 S34I
100 _aSchimmel, Annemarie
245 0 _aIslamic literatures of India
260 _aNew Delhi
_bManohar Publishers and Distributors
_c2020
300 _ax, 60 p.
500 _a3813 12/12/2019 RK19/2622 11/12/2019 Ch. Ranbir Singh Institute of Social and
942 _cBK
999 _c33816
_d33816